000 00663cam a22002292 4500
001 0000002471
005 20151217151855.0
008 070411s xx 000 0 eng d
020 _a0273033107 :
040 _aKABU
_cKABU
050 0 _aHF5635
_b.G53 1991
100 1 _aGlautier, M. W. E.
_@0000148320
245 1 0 _aAccounting :
_btheory and practice /
_cM. W. E. Glautier, B. Underdown.
250 _a4th ed.
260 _aLondon :
_bPitman,
_c1991.
300 _axxxii, 660 p.
650 0 _aAccounting.
_@0000148321
700 1 _aUnderdown, B.
_@0000148322
908 _a070411
950 _@1
999 _c5872
_d5872